00692nam a2200193 a 450000100100000000500170001000800410002702000150006804000250008308200150010810000280012324500810015126000480023230000330028059000260031370000290033995201130036899900170048100003455520200930073750.0111006s1972 xxua r 000 0 spa d a0669752754 aDO-SdBNPbspacBNPHU axxxxbxxxx1 aHowland, John L.95998810aA mathematical approach to biology /cJohn L. Howland, Charles A. Grobe, Jr. aEstados Unidos :bHeath and company,c1972. aviii, 96 p. :bil. ;c21 cm. aInventariado, 2019/BT1 aGrobe, Charles A.959989 001050718MOaGRbGRcHDd2011-10-06iLF1l0oxxxx xxxxp34555-10r2020-06-25w2020-06-25y1ZNo se presta c34046d34046